000 00470nam a22001577a 4500
005 20150427124227.0
008 150427b xxu||||| |||| 00| 0 eng d
020 _a0195775929
040 _cPK-LaUMT
082 _aKHC 954.9205
_bHAS-S
100 _aHasan Zaheer
245 _aThe separation of East Pakistan
_bthe rise and realization of Bengali Muslim nationalism
_cHasan Zaheer
260 _aKarachi
_bOxford university press
_c1994
300 _a511 p.
942 _cBK
999 _c70458
_d70458